The Fundamental Principles of Effective Trail Advocacy / (Record no. 3311)

MARC details
000 -LEADER
fixed length control field 00540nam a22001817a 4500
005 - DATE AND TIME OF INPUT
control field 20250723124256.0
008 - DATA ELEMENTS--GENERAL INFORMATION
fixed length control field 250723b |||||||| |||| 00| 0 eng d
022 ## - INTERNATIONAL STANDARD SERIAL NUMBER
International Standard Serial Number 9780702182112
041 ## - LANGUAGE CODE
Language code of text English
082 ## - SHELF NUMBER
DDC number 347.1 GRA
100 ## - MAIN AUTHOR
Language of a work English
245 ## - TITLE STATEMENT
Title The Fundamental Principles of Effective Trail Advocacy /
Statement of responsibility, etc. Gravett WH
250 ## - EDITION STATEMENT
Edition statement First Edition
260 ## - PUBLICATION, DISTRIBUTION, ETC.
Place of publication, distribution, etc. Cape Town:
Name of publisher, distributor, etc. Juta and Company Ltd,
Date of publication, distribution, etc. 2009
300 ## - PHYSICAL DESCRIPTION
Other physical details 175 pages;
Dimensions 25 cm.
650 ## - SUBJECT`
Broad subject Legal practice
Own subject terms Law
942 ## - ADDED ENTRY ELEMENTS (KOHA)
Item type Books
942 ## - ADDED ENTRY ELEMENTS (KOHA)
-- ALISON_BN_VRIES
Holdings
Source of classification or shelving scheme Not for loan Collection code Home library Current library Shelving location Date acquired Full call number Barcode Price effective from Koha item type
Dewey Decimal Classification   TEXT BOOKS LAW SOCIETY OF NAMIBIA LIBRARY - WINDHOEK LAW SOCIETY OF NAMIBIA LIBRARY - WINDHOEK Civil Procedure and Court 07/23/2025 347.1 GRA LSN/2011/34 07/23/2025 Books